| 000 | 01297cam a2200241 4500 | ||
|---|---|---|---|
| 001 | ABS68165 | ||
| 008 | 040809n2004 000 0 eng u | ||
| 035 | _a(Sirsi) u127031 | ||
| 100 | _aJones, P. | ||
| 245 | 4 | _aThe social economy route to regeneration | |
| 260 | _c2004 | ||
| 490 |
_aTown and Country Planning _v73(7/8) July/August 2004, 232-234(3) |
||
| 520 | _aExamines the various ways social enterprise is currently contributing to urban regeneration. Considers the competing definitions of social enterprise, estimates the size of the social economy in the UK and enlarges on the government strategy for creating an enabling environment for social enterprise. Gives a wide range of examples of how social enterprises are involved in urban regeneration activities in England and Wales. Analyses the strengths and weaknesses of social enterprises in respect of their regeneration role and concludes that their main but not necessarily exclusive focus seems likely to be in developing human capital to complement physical regeneration projects. Notes. | ||
| 590 | _aABS | ||
| 590 | _aABS | ||
| 650 |
_aSustainability _96271 |
||
| 650 | _aURBAN REGENERATION | ||
| 690 | _aREGENERATION | ||
| 700 | _aAdamson, D. | ||
| 700 | _aComfort, D. | ||
| 700 | _aHillier, D. | ||
| 942 | _n0 | ||
| 999 |
_c117828 _d117828 |
||